Infrared astronomy (Record no. 3190)

MARC details
000 -LEADER
fixed length control field 00600nam a2200193Ia 4500
003 - CONTROL NUMBER IDENTIFIER
control field IN-BaIIA
008 - FIXED-LENGTH DATA ELEMENTS--GENERAL INFORMATION
fixed length control field 211028s9999 xx 000 0 eng d
040 ## - CATALOGING SOURCE
Transcribing agency IIA Library
080 ## - UNIVERSAL DECIMAL CLASSIFICATION NUMBER
Universal Decimal Classification number 52-76
Item number INF
245 #0 - TITLE STATEMENT
Title Infrared astronomy
Statement of responsibility, etc. edited by Peter J. Brancazio and Cameron, A. G. W.
260 ## - PUBLICATION, DISTRIBUTION, ETC.
Place of publication, distribution, etc. New York
Name of publisher, distributor, etc. Gordon and Breach Science
Date of publication, distribution, etc. 1968
300 ## - PHYSICAL DESCRIPTION
Extent ix, 248p.
650 ## - SUBJECT ADDED ENTRY--TOPICAL TERM
Topical term or geographic name entry element Astronomy and astrophysics thesaurus
650 ## - SUBJECT ADDED ENTRY--TOPICAL TERM
Topical term or geographic name entry element Infrared astronomy
9 (RLIN) 5673
650 ## - SUBJECT ADDED ENTRY--TOPICAL TERM
Topical term or geographic name entry element Infrared radiation
9 (RLIN) 2895
700 ## - ADDED ENTRY--PERSONAL NAME
Personal name Brancazio, Peter J., ed.
9 (RLIN) 5674
700 ## - ADDED ENTRY--PERSONAL NAME
Personal name Cameron, A. G. W., ed.
9 (RLIN) 4211
942 ## - ADDED ENTRY ELEMENTS (KOHA)
Koha item type Books
Holdings
Withdrawn status Lost status Damaged status Not for loan Home library Current library Shelving location Date acquired Cost, normal purchase price Total Checkouts Full call number Barcode Date last seen Cost, replacement price Price effective from Koha item type Purchase Price
        IIA Library-Bangalore IIA Library-Bangalore General Stacks 10/02/1969 103.00   52-76/ INF 3544 05/11/2021 103.00 10/02/1969 Books Rs. 103.00

Powered by Koha